NYC Corner kvalitné pouličné jedlo za dobrú cenu
Vznik a charakteristika podnikateľského nápadu NYC Corner. Tržby a zisky.
Enregistré dans:
| Auteur principal: | |
|---|---|
| Format: | Chapitre de livre |
| Langue: | slovaque |
| Sujets: | |
| Tags: |
Pas de tags, Soyez le premier à ajouter un tag!
|
MARC
| LEADER | 00000naa$a2200000$$$4500 | ||
|---|---|---|---|
| 001 | 0271204 | ||
| 005 | 20240502074248.5 | ||
| 041 | 0 | |a slo | |
| 044 | |a SK | ||
| 245 | 1 | 0 | |a NYC Corner |b kvalitné pouličné jedlo za dobrú cenu |c Richard Bednár |
| 520 | |a Vznik a charakteristika podnikateľského nápadu NYC Corner. Tržby a zisky. | ||
| 610 | 2 | 0 | |a gastronómia |
| 610 | 2 | 0 | |a start-up |
| 610 | 2 | 0 | |a predaj |
| 610 | 2 | 0 | |a predaj ambulantný |
| 100 | 1 | |a Bednár, Richard, 1985- | |